Normal view
MARC view
Entry Personal Name
001 - CONTROL NUMBER
- control field: 1237923
003 - CONTROL NUMBER IDENTIFIER
- control field: OSt
005 - DATE AND TIME OF LATEST TRANSACTION
- control field: 20260430150601.0
008 - FIXED-LENGTH DATA ELEMENTS
- fixed length control field: 260430|| aca||aabn | a|a d
040 ## - CATALOGING SOURCE
- Original cataloging agency: OSt
- Transcribing agency: OSt
100 ## - HEADING--PERSONAL NAME
- Personal name: University of Delhi. Faculty of Arts. Deptt. of Pshychology
670 ## - SOURCE DATA FOUND
- Source citation: Work cat.: (OSt)1850138: Khurana Radhika Au.; Nandita Babu Gu. 1237922, Development of Lie Telling and Lie Detecting Behavior Of Children, 2024
